| 000 | 01197cam a22003857a 4500 | ||
|---|---|---|---|
| 003 | CHAP | ||
| 005 | 20220817043231.0 | ||
| 008 | 971013s1988 it r 00010 eng d | ||
| 010 | _a69158 | ||
| 011 | _a70130 | ||
| 035 | _a79610 | ||
| 040 | _cCHAP | ||
| 082 |
_a639.2 _bF3y v.285 |
||
| 110 | _aFAO | ||
| 245 | 1 | 0 | _aManual on fish canning |
| 260 |
_aRome : _bFAO, _c1988 |
||
| 300 |
_a71 p. _b: ilus.; gráfs. |
||
| 410 | _aFAO | ||
| 490 | 0 |
_aDocumento técnico de pesca _v; 285 |
|
| 590 |
_aBATCH-UPD _b10 _c20130110 _lUCH01 _h0506 |
||
| 590 |
_aBATCH-UPD _b10 _c20130410 _lUCH01 _h0144 |
||
| 590 |
_aBATCH-UPD _b10 _c20130410 _lUCH01 _h1610 |
||
| 590 |
_aBATCH-UPD _b10 _c20130914 _lUCH01 _h1214 |
||
| 590 |
_aCONVERSION _b10 _c20130109 _lUCH01 _h1338 |
||
| 650 | 1 | 4 |
_aEnlatado y conservación. _937003 |
| 650 | 1 | 4 |
_aPescado enlatado. _987468 |
| 650 | 1 | 4 |
_aProductos pesqueros _xEnlatado. _992203 |
| 650 | 1 | 4 |
_aProductos pesqueros _xPreservación. _992215 |
| 700 | 0 |
_aWarne, Darian. _9121085 |
|
| 810 | 0 | _aFAO | |
| 830 | 0 | 0 |
_aDocumento técnico de pesca _v; 285 _933242 |
| 901 | _aBK | ||
| 942 | _cLIBRO | ||
| 949 |
_a639.2 F3y v.285 _bBC _cFAO _d33724002208743 _eFAO1 _h76106 _i79610 _mDonaciØn _si |
||
| 999 |
_c69158 _d69158 |
||